000 01397nam0a22002651 4500
001 rc\3694215
005 20130115152129.3
035 _a(NLR Aleph) 007758842
090 _a7343682
_c7343682
100 _a20130115d1972 |||y0rusy50 ca
101 0 _arus
102 _aRU
105 _ay z |||||
200 1 _aОтчет о командировке в Швейцарию [для участия в работе Третьей международной конференции по термическому анализу. г. Давос. 23-28 августа 1971 г.]
_fАН СССР. Всесоюз. ин-т науч. и техн. информации
210 _aМосква
_cБ. и.
_d1972
215 _a12 с.
_d21
300 _aПеред загл. авт.: М.Г. Кекуа; на 3-й с. - канд. техн. наук М.Г. Кекуа
333 _aДля служебного пользования. Экз. № 000008
532 1 3 _aОтчет о командировке в Швейцарию для участия в работе Третьей международной конференции по термическому анализу. г. Давос. 23-28 августа 1971 г.
700 1 _aКекуа
_bМ. Г.
_gМария Гавриловна
801 0 _aRU
_bNLR
_gpsbo
801 1 _aRU
_bELAR
_2rusmarc
852 _aNLR
_j72-50к/1675
942 _cBOOK
980 _aNB